• 首页
  • 本馆介绍
  • 公告通知
  • 最新文献
  • 馆藏检索
  • 电子资源
  • 读者导购
  • 参考咨询
  • 我的图书馆
  • 登录
  • 详细信息显示
  • 放入我的书架
  • 预约/预借图书
  • 作者相关作品
  • 分类相关作品
  • 丛书相关作品
  • 出版社相关作品

书目信息

  • 表格格式
  • 工作单格式
  • 卡片格式
题名:
瓦尔登湖
    
 
作者: 梭罗 著 ;梁新宇 译
分册:  
出版信息: 沈阳   沈阳出版社  2017
页数: 447页
开本: 20cm
丛书名:
单 册:
中图分类: I712.64
科图分类:
主题词: 散文集--美国--近代
电子资源:
ISBN: 978-7-5441-8593-6
000 00914nam0 2200253 45
001 012001004208
005 20140928162349.0
010    @a978-7-5441-8593-6@b精装@dCNY69.00
100    @a20180217d2017 em y0chiy50 ea
101 1  @achi@ceng
102    @aCN@b210000
105    @ay z 000cy
106    @ar
200 1  @a瓦尔登湖@9wa er deng hu@dWalden@f(美)亨利·戴维·梭罗(Henry David Thoreau)著@g梁新宇译@zeng
210    @a沈阳@c沈阳出版社@d2017
215    @a447页@d20cm
330    @a本书记录了作者在瓦尔登湖旁边的木屋里长达两年的时间里的日常生活状态以及所思所想。记述了作者在简单生活中与大自然融为一体,深入思考与重塑自我的奇妙历程。
510 1  @aWalden@zeng
606 0  @a散文集@y美国@z近代
690    @aI712.64@v5
701  0 @c(美)@a梭罗@9suo luo@c(Thoreau, Henry David@f1817-1862)@4著
702  0 @a梁新宇@9liang xin yu@4译
801  0 @aCN@b上海新华@c20180901
905    @b1164522-6@dI712.64@e1164@f5
    
    瓦尔登湖=Walden/(美)亨利·戴维·梭罗(Henry David Thoreau)著/梁新宇译.-沈阳:沈阳出版社,2017
    447页;20cm
    
    
    ISBN 978-7-5441-8593-6(精装):CNY69.00
    本书记录了作者在瓦尔登湖旁边的木屋里长达两年的时间里的日常生活状态以及所思所想。记述了作者在简单生活中与大自然融为一体,深入思考与重塑自我的奇妙历程。
●
相关链接 在E读中查询图书 在五车中查询图书 在当当中查询图书 在豆瓣中查询图书


正题名:瓦尔登湖     索取号:I712.64/1164         预约/预借

序号 登录号 条形码 馆藏地/架位号 状态 备注
1 1164522   211645228   第一样本阅览室/ [索取号:I712.64/1164] 在馆    
2 1164523   211645237   第二借阅区/ [索取号:I712.64/1164] 在馆    
3 1164524   211645246   第二借阅区/ [索取号:I712.64/1164] 在馆    
4 1164525   211645255   密集书库-文学院/ [索取号:I712.64/1164] 在馆    
5 1164526   211645264   第二借阅区/ [索取号:I712.64/1164] 在馆    
唐山师范学院图书馆 欢迎您!
大连网信软件有限公司© 版权所有